000 00529nam a2200193Ia 4500
003 GCL
005 20240530100246.0
008 140319s9999 xx 000 0 eng d
040 _aGCL /
_cGCL
082 0 4 _a782.42068
_bL S
100 1 _aLAUFENBERG, CINDY
245 1 0 _a1998 SONG WRITER'S MARKET: 2000 PLACES TO MARKET YOUR SONGS /
_cLAUFENBERG, CINDY
260 _a[S.N] :
_bWRITER'S DIGEST BOOKS ،
_c1997
300 _a517 P
650 0 4 _aARTS
650 0 4 _aVOCAL MUSIC
650 0 4 _aSONGS MARKETING
942 _2ddc
_cBK
999 _c15769
_d15769